000 00908cab a2200253 4500
001 W12724
008 090401t1996 xxu||||| |||| 00| 0 eng d
035 _a(Sirsi) u54459
041 _aeng
245 _aDeposit of title deeds
260 _c1996
350 _a0
490 _aEstates Gazette Case Summaries
_v[1996] EGCS 19(1) (17/02/96)
520 _a"United Bank of Kuwait plc v Sahib and others" CA 2 February 1996. Concluded that the mere deposit of title deeds as security for a loan did not automatically equate to an equitable mortgage.
650 _aLAND CERTIFICATE
650 _aLAW OF PROPERTY (MISCELLANEOUS PROVISIONS) ACT 1989 S2
650 _aLAW OF PROPERTY ACT 1925 S53
650 _aPART PERFORMANCE
650 _aTITLE DEEDS
650 _aUNITED BANK OF KUWAIT PLC V SAHIB AND OTHERS
690 _aPROPERTY LAW AND PRACTICE-CASE LAW
942 _n0
948 _c04/03/1997
999 _c33381
_d33381